Discrete and combinatorial mathematics : an applied introduction /
Guardado en:
| Autor Principal: | |
|---|---|
| Formato: | Libro |
| Idioma: | English |
| Publicado: |
Reading, Mass. :
Addison-Wesley,
c1989.
|
| Edición: | 2nd ed. |
| Materias: | |
| Etiquetas: |
Agregar Etiqueta
Sin Etiquetas, Sea el primero en etiquetar este registro!
|
| LEADER | 00771cam a22002295a 4500 | ||
|---|---|---|---|
| 001 | MAT.inmabb004322 | ||
| 008 | 880421s1989####maua#####b####001#0#eng## | ||
| 005 | 20130320130439.0 | ||
| 245 | 1 | 0 | |a Discrete and combinatorial mathematics : |b an applied introduction / |c Ralph P. Grimaldi. |
| 250 | |a 2nd ed. | ||
| 260 | |a Reading, Mass. : |b Addison-Wesley, |c c1989. | ||
| 300 | |a xvi, 722, [93] p. : |b il. ; |c 25 cm. | ||
| 504 | |a Incluye referencias bibliográficas e índice. | ||
| 020 | |a 0201119544 | ||
| 100 | 1 | |a Grimaldi, Ralph P. | |
| 650 | 0 | |a Mathematics. | |
| 650 | 0 | |a Computer science |x Mathematics. | |
| 650 | 0 | |a Algebra. | |
| 084 | |a 00A05 (03-01 05-01 94-01 68-01) |2 msc2000 | ||
| 010 | |a 88015398 | ||
| 040 | |a DLC |c DLC |d DLC | ||
| 859 | |h 00A05 |i G861-2 |p A-6300 |b BIB. MATEMATICA | ||
